Statystyki dla Najpopularniejsze kierunki studiów 2022/23

Kliknij tutaj aby rozwiązać quiz!

Ogólne statystyki

  • Ten quiz został rozwiązany 71 razy
  • Średni wynik to 8 z 19

Statystyki odpowiedzi

Liczba zgłoszeń
(tys.)
Kierunek studiów% Poprawnych
21017Medycyna
91%
22066Prawo
88%
40642Informatyka
80%
40642Psychologia
67%
36532Zarządzanie
66%
18166Ekonomia
64%
13913Filologia angielska
59%
9775Administracja
41%
13682Budownictwo
38%
11317Logistyka
34%
13438Finanse i rachunkowość
31%
8426automatyka i robotyka
28%
10687Fizjoterapia
28%
8180Stosunki międzynarodowe
28%
8187Mechanika i budowa maszyn
27%
10595Pielęgniarstwo
25%
10216Biotechnologia
22%
8979Zarządzanie i inżynieria produkcji
6%
8311Informatyka stosowana
3%

Rozkład punktacji

Percentyl według liczby udzielonych odpowiedzi

Procent ludzi z każdym wynikiem

Twoja historia wyników

Nie rozwiązałeś tego quizu